| 000 | 00000nam##2200000za#4500 |
| 001 | 9.634990 |
| 003 | CaOODSP |
| 005 | 20230117132340 |
| 007 | cr ||||||||||| |
| 008 | 150407|2000||||xxc|||||o f|0| 0 fre|d |
| 040 | |aCaOODSP|bfre |
| 043 | |an-cn--- |
| 086 | 1 |aJL2-45/2000F-PDF |
| 110 | 2 |aCommission du droit du Canada. |
| 245 | 10|aGouvernance de la recherche en santé avec des sujets humains (RSSH) |h[ressource électronique] |
| 260 | |aOttawa - Ontario : |bCommission du droit du Canada |c[2000?]. |
| 300 | |a418p.|bréférences, tableaux |
| 590 | |a08-02-Supp|b2008-04-07 |
| 691 | 07|aRecherche médicale|2gcpds |
| 775 | 08|tThe governance of health research involving human subjects (HRIHS) |w(CaOODSP)9.690651 |
| 856 | 40|ahttp://publications.gc.ca|qPDF|s1256 Ko|uhttps://publications.gc.ca/collections/collection_2008/lcc-cdc/JL2-45-2000F.pdf |